00532nam a22001817a 450000500170000001000170001702000230003402000260005703500170008303700240010008200080012410000170013224500310014926000320018027000900021230000250030249000230032720120116171223.0 aB-469463-489 a8173018731c160.00 a9781730187315c160.00 aB-469463-489 aDPLbBlue Berry/Ven a670 aChawla, Anuj aIndustry /cby Anuj Chawla aNew DelhibDreamland c2011 aJ-128, Kirti NagarbNew Delhie110015k011-25106050l011-25438283mdreamland@vsnl.com a80p.bCOL.illc28 cm aKnow About Science